000 004660000a22001810004500
003 MACL
005 20151014152447.0
008 151014b xxu||||| |||| 00| 0 eng d
040 _aMACL
_cMACL
041 _aEnglish
082 _a920/GOR
100 _aGoradia, Nayana
_914819
245 _aLord Curzon
_bThe Last Of The British Moghuls
260 _bOxford University Press
_c1993
_aNew Delhi
350 _a350
650 _aBiography
_914820
942 _cBK
_k920
_2ddc
999 _c4882
_d4882